|
|
|
|
| LEADER |
01436nam a2200373Ia 4500 |
| 001 |
EBC614681 |
| 003 |
MiAaPQ |
| 005 |
20200520144314.0 |
| 006 |
m o d | |
| 007 |
cr cn||||||||| |
| 008 |
100430s2011 enka sb 001 0 eng d |
| 010 |
|
|
|z 2010018265
|
| 020 |
|
|
|z 9780415553490
|
| 035 |
|
|
|a (MiAaPQ)EBC614681
|
| 035 |
|
|
|a (Au-PeEL)EBL614681
|
| 035 |
|
|
|a (CaPaEBR)ebr10446874
|
| 035 |
|
|
|a (CaONFJC)MIL304377
|
| 035 |
|
|
|a (OCoLC)701703716
|
| 040 |
|
|
|a MiAaPQ
|c MiAaPQ
|d MiAaPQ
|
| 050 |
|
4 |
|a HC430.C6
|b T53 2011
|
| 100 |
1 |
|
|a Tian, Kelly.
|
| 245 |
1 |
0 |
|a Consumer-citizens of China
|h [electronic resource] :
|b the role of foreign brands in the imagined future China /
|c Kelly Tian and Lily Dong.
|
| 260 |
|
|
|a London ;
|a New York :
|b Routledge,
|c 2011.
|
| 300 |
|
|
|a xix, 147 p. :
|b ill.
|
| 490 |
0 |
|
|a Routledge contemporary China series ;
|v 60
|
| 504 |
|
|
|a Includes bibliographical references and index.
|
| 533 |
|
|
|a Electronic reproduction. Ann Arbor, MI : ProQuest, 2015. Available via World Wide Web. Access may be limited to ProQuest affiliated libraries.
|
| 650 |
|
0 |
|a Consumers
|z China
|x Psychology.
|
| 650 |
|
0 |
|a Brand choice
|z China
|x Psychological aspects.
|
| 650 |
|
0 |
|a Nationalism
|z China.
|
| 651 |
|
0 |
|a China
|x Civilization
|x Foreign influences.
|
| 655 |
|
4 |
|a Electronic books.
|
| 700 |
1 |
|
|a Dong, Lily.
|
| 856 |
4 |
0 |
|u https://ebookcentral.proquest.com/lib/matrademy/detail.action?docID=614681
|z Click to View
|